[Event "Lleida Regional-ch"]
[Site "Lleida"]
[Date "2022.10.09"]
[Round "2"]
[White "Monell Camarasa, David"]
[Black "Biosca Lacasa, Jordi"]
[Result "1-0"]
[WhiteElo "2045"]
[BlackElo "1814"]
[PlyCount "91"]
[EventDate "2022.10.02"]
[EventType "swiss"]
[EventRounds "8"]
[EventCountry "ESP"]
[SourceTitle "EXT 2024"]
[Source "ChessBase"]
[SourceDate "2023.10.10"]
[SourceVersion "1"]
[SourceVersionDate "2023.10.10"]
[SourceQuality "1"]

1. d4 d5 2. c4 c6 3. Nf3 Nf6 4. Nc3 e6 5. e3 Nbd7 6. Be2 Bd6 7. b3 Qe7 8. Bb2 0-0 9. 0-0 b6 10. Qd2 Bb7 11. Rfe1 Ne4 12. Nxe4 dxe4 13. Ne5 Bb4 14. Bc3 Bxc3 15. Qxc3 Rad8 16. Nxd7 Rxd7 17. c5 Rfd8 18. b4 b5 19. f3 exf3 20. Bxf3 f6 21. a4 a6 22. axb5 axb5 23. Qb3 g6 24. Bg4 Rd5 25. Ra7 f5 26. Bf3 R5d7 27. e4 f4 28. Bg4 Re8 29. Rd1 Bc8 30. Ra8 Rdd8 31. d5 cxd5 32. exd5 Qb7 33. Rxc8 Qxc8 34. Bxe6+ Rxe6 35. dxe6 Rxd1+ 36. Qxd1 Qxe6 37. Qd2 Qc4 38. h4 Kf7 39. Kf2 h6 40. Kf3 g5 41. hxg5 hxg5 42. Kg4 Kf6 43. Qd6+ Kf7 44. Kxg5 Qxb4 45. Qxf4+ Qxf4+ 46. Kxf4 1-0

[Event "Barcelona Lleida op"]
[Site "Barcelona"]
[Date "2019.05.25"]
[Round "6.5"]
[White "Biosca Lacasa, Jordi"]
[Black "Masague Artero, Guerau"]
[Result "0-1"]
[WhiteElo "1813"]
[BlackElo "2254"]
[PlyCount "154"]
[EventDate "2019.04.06"]
[EventType "swiss"]
[EventRounds "9"]
[EventCountry "ESP"]
[SourceTitle "EXT 2024"]
[Source "ChessBase"]
[SourceDate "2023.10.10"]
[SourceVersion "1"]
[SourceVersionDate "2023.10.10"]
[SourceQuality "1"]

1. d4 Nf6 2. Bf4 g6 3. e3 Bg7 4. Nf3 0-0 5. Bc4 d6 6. h3 Nbd7 7. 0-0 b6 8. c3 Bb7 9. Nbd2 c5 10. a4 a6 11. Qc2 Ra7 12. e4 cxd4 13. cxd4 d5 14. exd5 Bxd5 15. Rac1 Qc8 16. Bxd5 Nxd5 17. Bg3 N7f6 18. Qc6 Qd8 19. Rfe1 Bh6 20. Qc4 Nh5 21. Be5 a5 22. Rc2 Ra8 23. Qb3 Nhf4 24. Bxf4 Bxf4 25. Ne4 Nb4 26. Rc4 Rc8 27. Nc3 Qd7 28. Nb5 e6 29. Rxc8 Rxc8 30. Nc3 Qc6 31. Rd1 h5 32. Re1 Qc4 33. Qxc4 Rxc4 34. Rd1 Nd5 35. Nxd5 exd5 36. b3 Rc2 37. Rb1 Kg7 38. Kf1 Bd6 39. Ne1 Ra2 40. Nf3 Bb4 41. Ne5 Rd2 42. Nf3 Rc2 43. Ne1 Ra2 44. Nf3 Kf6 45. g4 Rc2 46. Ne5 Bc3 47. Nf3 Ke6 48. Ne1 Rb2 49. Rxb2 Bxb2 50. Nf3 hxg4 51. hxg4 f5 52. g5 f4 53. Ke2 Kf5 54. Kd3 Ba3 55. Ke2 Be7 56. Ne5 Bxg5 57. Nc6 Bf6 58. f3 g5 59. b4 axb4 60. Nxb4 Bxd4 61. Nxd5 g4 62. fxg4+ Kxg4 63. Nb4 Kg3 64. Kf1 Kf3 65. Nc6 Bc3 66. Na7 Ke3 67. Nb5 Bb4 68. Nc7 Bc5 69. Nd5+ Kd4 70. Nf6 Kd3 71. Nd7 Be3 72. Ne5+ Kc3 73. Ke2 Kb4 74. Kd3 Kxa4 75. Kc4 b5+ 76. Kc3 b4+ 77. Kb2 Bd4+ 0-1

[Event "Lleida-ch"]
[Site "Almenar"]
[Date "2018.11.25"]
[Round "8"]
[White "Parramon Guillaumet, Jaime"]
[Black "Biosca Lacasa, Jordi"]
[Result "1-0"]
[WhiteElo "1906"]
[BlackElo "1833"]
[PlyCount "107"]
[EventDate "2018.09.30"]
[EventType "swiss"]
[EventRounds "9"]
[EventCountry "ESP"]
[SourceTitle "CBM 187 Extra"]
[Source "ChessBase"]
[SourceDate "2018.11.04"]
[SourceVersion "1"]
[SourceVersionDate "2018.11.04"]
[SourceQuality "1"]

1. e4 d5 2. e5 d4 3. Bc4 e6 4. f4 Ne7 5. Nf3 c5 6. 0-0 Nbc6 7. a3 Qa5 8. c3 b5 9. Ba2 Qb6 10. cxd4 cxd4 11. d3 Nf5 12. Qe2 b4 13. Nbd2 Ne3 14. Nc4 Nxc4 15. Bxc4 Na5 16. b3 Nxc4 17. bxc4 Bc5 18. axb4 Qxb4 19. Ba3 Qa5 20. Bxc5 Qxc5 21. Qe4 Rb8 22. Qxd4 Qxd4+ 23. Nxd4 a6 24. Rfb1 Rxb1+ 25. Rxb1 Kd7 26. Kf2 Kc7 27. Ke3 f6 28. Nf3 Bd7 29. Nd2 a5 30. d4 Bc6 31. g3 f5 32. Kd3 h5 33. Kc3 h4 34. Nb3 hxg3 35. hxg3 Rh3 36. Rg1 a4 37. Nc5 Bd7 38. Kb4 Rh2 39. Nxd7 Kxd7 40. d5 exd5 41. cxd5 Rd2 42. d6 Rd4+ 43. Ka3 Re4 44. Rc1 g5 45. Rc7+ Kd8 46. Rg7 gxf4 47. gxf4 Ke8 48. Ra7 Rxf4 49. e6 Kf8 50. Ra8+ Kg7 51. e7 Re4 52. e8Q Rxe8 53. Rxe8 Kf7 54. d7 1-0

[Event "Lleida-ch"]
[Site "Almenar"]
[Date "2018.11.11"]
[Round "6"]
[White "Biosca Lacasa, Jordi"]
[Black "Gensana Berzunces, Joan"]
[Result "1-0"]
[WhiteElo "1833"]
[BlackElo "1914"]
[PlyCount "127"]
[EventDate "2018.09.30"]
[EventType "swiss"]
[EventRounds "9"]
[EventCountry "ESP"]
[SourceTitle "CBM 187 Extra"]
[Source "ChessBase"]
[SourceDate "2018.11.04"]
[SourceVersion "1"]
[SourceVersionDate "2018.11.04"]
[SourceQuality "1"]

1. d4 Nf6 2. Bf4 c5 3. d5 g6 4. c4 Bg7 5. Nc3 d6 6. e4 0-0 7. Bd3 Nbd7 8. Nge2 Nh5 9. Be3 Ne5 10. 0-0 f5 11. exf5 Nxd3 12. Qxd3 Bxf5 13. Qd2 Rf7 14. f3 Nf6 15. Ng3 e5 16. dxe6 Bxe6 17. b3 b6 18. Rad1 Rd7 19. Bg5 Qf8 20. Qc2 d5 21. Bxf6 Bxf6 22. Nxd5 Bd4+ 23. Kh1 Bxd5 24. cxd5 Rxd5 25. Ne2 Rad8 26. Rd3 Qf7 27. Rfd1 Be5 28. Qc4 Rxd3 29. Rxd3 Rxd3 30. Qxd3 Qe7 31. Kg1 Kg7 32. h3 Qh4 33. Qd7+ Kh6 34. Kf1 a5 35. Qe6 Qf6 36. Qxf6 Bxf6 37. Ke1 Kg5 38. Kd2 Kf5 39. Kd3 b5 40. a4 bxa4 41. bxa4 h5 42. Kc4 g5 43. g4+ hxg4 44. hxg4+ Ke5 45. Kxc5 Be7+ 46. Kb5 Bb4 47. Kc4 Be1 48. Kd3 Bb4 49. Nd4 Kf4 50. Ke2 Kg3 51. Nc6 Bc3 52. Ke3 Be1 53. Ke4 Bc3 54. Ne5 Bd2 55. Kf5 Kh4 56. Nc4 Bb4 57. f4 gxf4 58. Kxf4 Bc3 59. Kf5 Bb4 60. Ne5 Bd6 61. Nc4 Bb4 62. g5 Kh5 63. g6 Bc3 64. Nxa5 1-0

[Event "Lleida-ch"]
[Site "Almenar"]
[Date "2018.10.07"]
[Round "2"]
[White "Biosca Lacasa, Jordi"]
[Black "Arno Bendicho, Arnau"]
[Result "0-1"]
[WhiteElo "1833"]
[BlackElo "2055"]
[PlyCount "104"]
[EventDate "2018.09.30"]
[EventType "swiss"]
[EventRounds "9"]
[EventCountry "ESP"]
[SourceTitle "CBM 187 Extra"]
[Source "ChessBase"]
[SourceDate "2018.11.04"]
[SourceVersion "1"]
[SourceVersionDate "2018.11.04"]
[SourceQuality "1"]

1. d4 c5 2. d5 d6 3. c4 g6 4. Nc3 Bg7 5. Qc2 Nf6 6. e4 0-0 7. Bd3 Na6 8. a3 e6 9. f4 exd5 10. cxd5 Re8 11. Nf3 c4 12. Bxc4 Nxe4 13. Nxe4 Bf5 14. 0-0 Bxe4 15. Qf2 Nc7 16. Be3 Bxd5 17. Bxd5 Nxd5 18. Bxa7 Nxf4 19. Bb6 Qf6 20. Rad1 Re2 21. Qd4 Qf5 22. Qxd6 Rxg2+ 23. Kh1 Qg4 24. Rd2 Re8 25. Qd7 Qxd7 26. Rxd7 Ree2 27. b3 g5 28. Re1 Rxe1+ 29. Nxe1 Rb2 30. Rxb7 Rxb3 31. Rb8+ Bf8 32. Bc7 Rxb8 33. Bxb8 Bxa3 34. Bxf4 gxf4 35. Nd3 Bd6 36. Kg2 Kg7 37. Kf3 Kg6 38. Ne1 Kg5 39. Ng2 Bc7 40. h3 Kf5 41. Nh4+ Kg5 42. Ng2 Bd6 43. Ke4 Bb8 44. Kf3 h6 45. Ke4 Ba7 46. Nxf4 Kh4 47. Kf5 Kg3 48. Ne2+ Kxh3 49. Kf6 Kg4 50. Kxf7 h5 51. Nc3 h4 52. Kf6 Bd4+ 0-1

[Event "Lleida-ch"]
[Site "Bellcaire"]
[Date "2016.10.23"]
[Round "4"]
[White "Vidal Rosell, Jose"]
[Black "Biosca Lacasa, Jordi"]
[Result "0-1"]
[WhiteElo "1858"]
[BlackElo "1889"]
[PlyCount "102"]
[EventDate "2016.10.02"]
[EventType "swiss"]
[EventRounds "9"]
[EventCountry "ESP"]
[SourceTitle "EXT 2018"]
[Source "ChessBase"]
[SourceDate "2017.10.13"]
[SourceVersion "1"]
[SourceVersionDate "2017.10.13"]
[SourceQuality "1"]

1. e4 d5 2. e5 d4 3. f4 Bf5 4. Nf3 e6 5. Be2 d3 6. cxd3 Bxd3 7. Nc3 Bc5 8. Qb3 Bb6 9. Bxd3 Qxd3 10. Qb5+ Qxb5 11. Nxb5 Na6 12. d3 0-0-0 13. Ke2 h6 14. Be3 Bxe3 15. Kxe3 Nb4 16. Nfd4 a6 17. Na3 Ne7 18. Rhd1 g5 19. Nac2 Nxc2+ 20. Nxc2 Nd5+ 21. Ke4 Nxf4 22. g3 Nd5 23. Rf1 Rhf8 24. Ne3 f6 25. d4 f5+ 26. Kd3 h5 27. Nxd5 Rxd5 28. Ke3 Rfd8 29. Rfd1 c5 30. Rac1 Kb8 31. Rc4 cxd4+ 32. Rdxd4 Rxe5+ 33. Kf3 Red5 34. Rxd5 Rxd5 35. h4 Rd3+ 36. Kf2 g4 37. Rc2 e5 38. Rc5 e4 39. Re5 Rf3+ 40. Ke2 Kc7 41. Re7+ Kc6 42. Rh7 Rxg3 43. Rxh5 f4 44. Rf5 Rg2+ 45. Kf1 f3 46. Re5 Rh2 47. Rxe4 Rxh4 48. Kg1 Kd5 49. Rf4 Ke5 50. Rf8 Rh3 51. Kf1 Rh2 0-1

[Event "Lleida-ch"]
[Site "Bellcaire"]
[Date "2016.10.09"]
[Round "2"]
[White "Badia Torra, Jaume"]
[Black "Biosca Lacasa, Jordi"]
[Result "1-0"]
[WhiteElo "1851"]
[BlackElo "1889"]
[PlyCount "99"]
[EventDate "2016.10.02"]
[EventType "swiss"]
[EventRounds "9"]
[EventCountry "ESP"]
[SourceTitle "EXT 2018"]
[Source "ChessBase"]
[SourceDate "2017.10.13"]
[SourceVersion "1"]
[SourceVersionDate "2017.10.13"]
[SourceQuality "1"]

1. d4 d5 2. c4 c6 3. Nf3 Nf6 4. g3 Bf5 5. Bg2 e6 6. 0-0 Bd6 7. b3 Nbd7 8. Bb2 0-0 9. Nc3 Re8 10. Re1 Ne4 11. Nd2 Nxc3 12. Bxc3 Bg6 13. e4 Rc8 14. Qe2 f5 15. e5 Be7 16. f4 Bf7 17. Nf3 h6 18. Bd2 Kh8 19. Rf1 Rg8 20. Rac1 Bh5 21. Qf2 g5 22. fxg5 hxg5 23. cxd5 cxd5 24. Rxc8 Qxc8 25. Rc1 Qd8 26. Ne1 Ba3 27. Rc3 Qb6 28. Nd3 Be7 29. Kh1 Nb8 30. Nc5 Bxc5 31. Rxc5 Nc6 32. h3 Bf7 33. Be3 Qd8 34. Qe2 Rg7 35. b4 a6 36. a4 Be8 37. Bf1 b6 38. Rc1 a5 39. b5 Nb4 40. Qf2 Bh5 41. Bd2 Qf8 42. Bxb4 Qxb4 43. Rc6 Qxa4 44. Rxe6 Bg6 45. Rxb6 f4 46. gxf4 Be4+ 47. Kh2 Rf7 48. Rf6 Rh7 49. fxg5 Qa3 50. Rf8+ 1-0

[Event "Lleida-ch"]
[Site "Bellcaire"]
[Date "2016.10.02"]
[Round "1"]
[White "Biosca Lacasa, Jordi"]
[Black "Monell Camarasa, David"]
[Result "0-1"]
[WhiteElo "1889"]
[BlackElo "2250"]
[PlyCount "70"]
[EventDate "2016.10.02"]
[EventType "swiss"]
[EventRounds "9"]
[EventCountry "ESP"]
[SourceTitle "EXT 2018"]
[Source "ChessBase"]
[SourceDate "2017.10.13"]
[SourceVersion "1"]
[SourceVersionDate "2017.10.13"]
[SourceQuality "1"]

1. d4 Nf6 2. Bf4 e6 3. e3 b6 4. Nf3 Bb7 5. Nbd2 c5 6. c3 Be7 7. Bd3 Nc6 8. 0-0 Nh5 9. Ne5 Nxf4 10. exf4 cxd4 11. cxd4 Nxd4 12. Qh5 g6 13. Bxg6 Ne2+ 14. Qxe2 hxg6 15. Rac1 0-0 16. Qd3 Kg7 17. Qxd7 Qxd7 18. Nxd7 Rfd8 19. Rc7 Ba6 20. Ne5 Bd6 21. Rxf7+ Kg8 22. Ndf3 Bxf1 23. Kxf1 Rac8 24. Rxa7 Rc1+ 25. Ke2 Rc2+ 26. Kd3 Rxf2 27. Kc3 Rxg2 28. a4 Rf8 29. Rd7 Bxe5+ 30. Nxe5 Rxf4 31. b4 Rxh2 32. Nc4 Rh3+ 33. Rd3 Rxd3+ 34. Kxd3 g5 35. Kc3 g4 0-1

[Event "Lleida op"]
[Site "Lleida"]
[Date "2016.06.04"]
[Round "7.10"]
[White "Biosca Lacasa, Jordi"]
[Black "Pedra Marquina, Joan"]
[Result "1-0"]
[WhiteElo "1898"]
[BlackElo "1783"]
[PlyCount "121"]
[EventDate "2016.04.23"]
[EventType "swiss"]
[EventRounds "9"]
[EventCountry "ESP"]
[SourceTitle "EXT 2024"]
[Source "ChessBase"]
[SourceDate "2023.10.10"]
[SourceVersion "1"]
[SourceVersionDate "2023.10.10"]
[SourceQuality "1"]

1. d4 d5 2. Bf4 Nc6 3. Nf3 Nf6 4. e3 Bg4 5. Nbd2 e6 6. c3 Bd6 7. Be2 Bxf4 8. exf4 0-0 9. 0-0 Ne7 10. Re1 Ng6 11. g3 Rc8 12. b4 Nd7 13. a4 h5 14. Ng5 Bxe2 15. Qxe2 Nf6 16. a5 a6 17. Nb3 Rb8 18. Nc5 h4 19. Qc2 Qd6 20. Ncxe6 fxe6 21. Qxg6 hxg3 22. hxg3 Rbe8 23. Kg2 Qc6 24. Rh1 Qd7 25. Rh4 Rf7 26. Rah1 Kf8 27. Rh8+ Ng8 28. Nxf7 Qxf7 29. Qxf7+ Kxf7 30. Re1 Nf6 31. Rxe8 Nxe8 32. f3 Nd6 33. Kf2 Nb5 34. Rc1 Kf6 35. Ke3 Nd6 36. Rh1 Nf5+ 37. Kf2 Ke7 38. g4 Nd6 39. Ke2 Kd7 40. Kd3 Kc6 41. Rh8 Kd7 42. Rg8 Ne8 43. c4 c6 44. c5 Ke7 45. Ke3 Kf7 46. Rh8 g6 47. Kf2 Ke7 48. Rh7+ Kd8 49. Rxb7 Kc8 50. Rh7 Kd8 51. Rh6 Ke7 52. Rxg6 Nf6 53. Rg7+ Kd8 54. Ra7 Kc8 55. Rxa6 Kb7 56. Rb6+ Kc7 57. a6 Nd7 58. Rb7+ Kc8 59. Rxd7 Kxd7 60. a7 Kc7 61. a8Q 1-0

[Event "Lleida op"]
[Site "Lleida"]
[Date "2016.05.14"]
[Round "4.7"]
[White "Sole Gonzalez, Edgar"]
[Black "Biosca Lacasa, Jordi"]
[Result "1-0"]
[WhiteElo "1667"]
[BlackElo "1898"]
[PlyCount "113"]
[EventDate "2016.04.23"]
[EventType "swiss"]
[EventRounds "9"]
[EventCountry "ESP"]
[SourceTitle "EXT 2024"]
[Source "ChessBase"]
[SourceDate "2023.10.10"]
[SourceVersion "1"]
[SourceVersionDate "2023.10.10"]
[SourceQuality "1"]

1. d4 d5 2. c4 c6 3. Nc3 Nf6 4. Nf3 Bf5 5. Qb3 Qb6 6. Qxb6 axb6 7. cxd5 cxd5 8. Bf4 Nc6 9. e3 e6 10. Bb5 Nd7 11. 0-0 Be7 12. Ne5 Rc8 13. Rfc1 f6 14. Nxd7 Kxd7 15. Na4 Bd8 16. Rc3 h5 17. h3 g5 18. Bh2 g4 19. h4 Ra8 20. Rac1 Re8 21. Ra3 Ra5 22. Rb3 e5 23. Nxb6+ Bxb6 24. Bxc6+ bxc6 25. Rxb6 Rxa2 26. Rbxc6 Rxb2 27. Rxf6 Rc8 28. Ra1 Rb1+ 29. Rxb1 Bxb1 30. Bxe5 Rc6 31. Rxc6 Kxc6 32. Kh2 Kd7 33. Kg3 Ke6 34. Kf4 Kf7 35. Kg5 Bg6 36. f3 gxf3 37. gxf3 Bd3 38. Kxh5 Be2 39. Kg4 Bd3 40. Kf4 Kg6 41. e4 Bc4 42. Bc7 Bb3 43. Bd8 Bc4 44. Bg5 Bb3 45. Ke5 Bd1 46. f4 dxe4 47. f5+ Kf7 48. Kxe4 Bg4 49. Ke5 Bh3 50. h5 Bg4 51. h6 Bh3 52. Bf6 Kg8 53. d5 Bg4 54. d6 Bh3 55. d7 Kh7 56. d8Q Bxf5 57. Kxf5 1-0

[Event "Lleida op"]
[Site "Lleida"]
[Date "2016.05.07"]
[Round "3.1"]
[White "Biosca Lacasa, Jordi"]
[Black "Barbero Sendic, Alejandro"]
[Result "0-1"]
[WhiteElo "1898"]
[BlackElo "2353"]
[PlyCount "94"]
[EventDate "2016.04.23"]
[EventType "swiss"]
[EventRounds "9"]
[EventCountry "ESP"]
[SourceTitle "EXT 2024"]
[Source "ChessBase"]
[SourceDate "2023.10.10"]
[SourceVersion "1"]
[SourceVersionDate "2023.10.10"]
[SourceQuality "1"]

1. d4 Nf6 2. Bf4 g6 3. e3 Bg7 4. Nf3 0-0 5. Bc4 d6 6. 0-0 Nbd7 7. Nbd2 c5 8. c3 b6 9. Qe2 Bb7 10. e4 d5 11. exd5 Nxd5 12. Bg5 cxd4 13. Nxd4 Ne5 14. Bb3 h6 15. Bh4 Nf4 16. Qb5 Qc8 17. f3 Ba6 18. Qa4 Bxf1 19. Kxf1 Re8 20. Ne4 Qb7 21. Bg3 Nfd3 22. Qa3 Rac8 23. Rd1 Nc5 24. Nxc5 bxc5 25. Ne2 c4 26. Bc2 Red8 27. Nd4 Nd3 28. Bxd3 cxd3 29. Nb3 e5 30. Bf2 Qb5 31. Rd2 Rd7 32. Qa5 Qxa5 33. Nxa5 f5 34. Nb3 e4 35. f4 g5 36. Be3 gxf4 37. Bxf4 a5 38. Nxa5 Ra8 39. Nc4 Rxa2 40. Na3 Bxc3 41. bxc3 Rxa3 42. Bxh6 Rxc3 43. h4 f4 44. Bxf4 Rf7 45. Rf2 Rc2 46. Ke1 Rxf2 47. Kxf2 Rxf4+ 0-1

[Event "Lleida op"]
[Site "Lleida"]
[Date "2016.04.30"]
[Round "2.6"]
[White "Alferez Valls, Ramon"]
[Black "Biosca Lacasa, Jordi"]
[Result "0-1"]
[WhiteElo "1532"]
[BlackElo "1898"]
[PlyCount "94"]
[EventDate "2016.04.23"]
[EventType "swiss"]
[EventRounds "9"]
[EventCountry "ESP"]
[SourceTitle "EXT 2024"]
[Source "ChessBase"]
[SourceDate "2023.10.10"]
[SourceVersion "1"]
[SourceVersionDate "2023.10.10"]
[SourceQuality "1"]

1. d4 d5 2. c4 c6 3. Nf3 Nf6 4. Nc3 Bf5 5. cxd5 Nxd5 6. e3 e6 7. Nd2 Bb4 8. Qb3 Bxc3 9. bxc3 Nb6 10. Ba3 N8d7 11. Nc4 Nxc4 12. Bxc4 b5 13. Be2 a5 14. 0-0 Nb6 15. Qd1 Qd5 16. Bd3 Bxd3 17. Qxd3 Nc4 18. e4 Qd7 19. Bc5 f6 20. f4 Kf7 21. Rf2 Rhd8 22. Qf3 f5 23. Qh5+ Kg8 24. e5 Rab8 25. g4 Qf7 26. Qg5 Ne3 27. Bb6 Rd7 28. Bxa5 Nxg4 29. Rf3 Qe7 30. h3 Nh6 31. Rg3 Qxg5 32. Rxg5 Nf7 33. Rg3 Nh8 34. Kf2 Ng6 35. Ke3 Ne7 36. Kd3 Nd5 37. a3 Nxf4+ 38. Kd2 Ng6 39. Bb4 Nxe5 40. Re1 Nc4+ 41. Kc1 Kf7 42. Rg2 Ra8 43. Rge2 Re8 44. Kc2 Ra7 45. Kb3 g5 46. Bc5 Rea8 47. Rf1 h5 0-1

[Event "Lleida Regional-ch"]
[Site "Lleida"]
[Date "2015.11.15"]
[Round "7"]
[White "Biosca Lacasa, Jordi"]
[Black "Martinez Lopez, Ivan"]
[Result "0-1"]
[WhiteElo "2057"]
[BlackElo "2292"]
[PlyCount "239"]
[EventDate "2015.09.27"]
[EventType "swiss"]
[EventRounds "9"]
[EventCountry "ESP"]
[SourceTitle "EXT 2017"]
[Source "ChessBase"]
[SourceDate "2016.10.25"]
[SourceVersion "1"]
[SourceVersionDate "2016.10.25"]
[SourceQuality "1"]

1. d4 d5 2. Bf4 Nf6 3. e3 c5 4. c3 Nc6 5. Nf3 Qb6 6. Qc1 Bf5 7. Nbd2 Rc8 8. a4 cxd4 9. Nxd4 Bd7 10. Nxc6 Bxc6 11. Nf3 e6 12. Be2 Be7 13. 0-0 0-0 14. Qd2 Rfd8 15. a5 Qb3 16. Nd4 Ne4 17. Nxb3 Nxd2 18. Nxd2 f6 19. h3 e5 20. Bg3 d4 21. cxd4 exd4 22. exd4 Rxd4 23. Nf3 Rb4 24. b3 Bd5 25. Bc4 Bxc4 26. bxc4 Rbxc4 27. Rfb1 Bb4 28. Ra4 Rc1+ 29. Rxc1 Rxc1+ 30. Kh2 Rb1 31. Bb8 Bc5 32. Kg3 Rb2 33. Nd4 Rd2 34. Nf3 Bxf2+ 35. Kh2 Rd8 36. Bg3 Bc5 37. Ra2 b5 38. a6 Rd3 39. Nd2 b4 40. Rc2 Bd4 41. Nc4 b3 42. Rd2 b2 43. Rxd3 b1Q 44. Rxd4 Qa2 45. Rd8+ Kf7 46. Rd7+ Kg6 47. Nd6 Qxa6 48. Ne8 h5 49. Rxg7+ Kf5 50. Rf7 Qa2 51. Rxf6+ Ke4 52. Nd6+ Kd3 53. Rf3+ Kd4 54. Nb5+ Kc5 55. Nc3 Qa1 56. Ne2 a5 57. Rf5+ Kc4 58. Rxh5 a4 59. Rh4+ Kd3 60. Nf4+ Ke4 61. Ng6+ Kf5 62. Rg4 a3 63. Be5 Qe1 64. Bg7 a2 65. Nh4+ Ke6 66. Nf3 Qd1 67. Re4+ Kf7 68. Be5 a1Q 69. Rf4+ Kg6 70. Rf6+ Kh7 71. Rf7+ Kg8 72. Bxa1 Kxf7 73. Be5 Kg6 74. h4 Kh5 75. Kh3 Qh1+ 76. Bh2 Qf1 77. Be5 Qf2 78. Bg3 Qc2 79. Be5 Qf5+ 80. Kh2 Kg4 81. Bg3 Qc8 82. Be5 Kf5 83. Bg3 Ke4 84. Bf2 Kd3 85. Bg3 Ke2 86. Kh1 Qd7 87. Ng1+ Kf1 88. Nf3 Qd5 89. Nh2+ Ke2 90. Nf3 Qe4 91. Kh2 Qg4 92. Ne5 Qg8 93. Nf3 Qa2 94. Kh1 Qb2 95. Kg1 Qc1+ 96. Kh2 Kf1 97. Kh3 Qc8+ 98. Kh2 Qc2 99. Ne1 Qe2 100. Kh3 Kg1 101. Nf3+ Kh1 102. h5 Qe6+ 103. Kh4 Kxg2 104. Ne1+ Kf1 105. Kg5 Qg8+ 106. Kf4 Qf7+ 107. Kg5 Qg7+ 108. Kf4 Qf6+ 109. Kg4 Ke2 110. Bh4 Qe6+ 111. Kf4 Qf7+ 112. Kg5 Ke3 113. h6 Ke4 114. Kg4 Qf5+ 115. Kg3 Qf4+ 116. Kh3 Qxh6 117. Kg4 Qf4+ 118. Kh3 Kf5 119. Ng2 Qg4+ 120. Kh2 0-1

[Event "Lleida Regional-ch"]
[Site "Lleida"]
[Date "2015.11.08"]
[Round "6"]
[White "Sole Gonzalez, Edgar"]
[Black "Biosca Lacasa, Jordi"]
[Result "0-1"]
[WhiteElo "2085"]
[BlackElo "2057"]
[PlyCount "130"]
[EventDate "2015.09.27"]
[EventType "swiss"]
[EventRounds "9"]
[EventCountry "ESP"]
[SourceTitle "EXT 2017"]
[Source "ChessBase"]
[SourceDate "2016.10.25"]
[SourceVersion "1"]
[SourceVersionDate "2016.10.25"]
[SourceQuality "1"]

1. d4 d5 2. c4 c6 3. Nc3 Nf6 4. Nf3 Bf5 5. cxd5 Nxd5 6. Qb3 Qb6 7. Nxd5 Qxb3 8. Nc7+ Kd8 9. axb3 Kxc7 10. Bf4+ Kc8 11. Ne5 f6 12. Nc4 Nd7 13. f3 Bc2 14. Nd2 e5 15. dxe5 fxe5 16. Rc1 exf4 17. Rxc2 Nf6 18. g3 g5 19. h4 fxg3 20. hxg5 Nd5 21. Rg1 Bd6 22. Ne4 Bb4+ 23. Nc3 Kc7 24. Rxg3 Rag8 25. Bh3 Rg7 26. Be6 Nf4 27. Bf5 h6 28. g6 Rhg8 29. e3 Nxg6 30. Rcg2 Re7 31. Rxg6 Rxe3+ 32. Kf2 Rge8 33. Rxh6 Bc5 34. Rg7+ R3e7+ 35. Kf1 Rxg7 36. Bg4 Rge7 37. Ne4 Bb4 38. Rh2 Rd8 39. Rc2 Rh7 40. Nf6 Re7 41. Ne4 a5 42. Ke2 Rh8 43. Kf1 Rh1+ 44. Kg2 Re1 45. Bh3 Kb6 46. Bc8 Re3 47. Ng3 Rxb3 48. Nf5 Rf7 49. Re2 Rd3 50. Kg3 Rd2 51. Re8 Rxb2 52. Kg4 Rf8 53. Rxf8 Bxf8 54. Ne3 Rb4+ 55. Kg5 a4 56. f4 a3 57. Be6 Re4 58. Nc4+ Kb5 59. Ne5 Bd6 60. Kf5 Re1 61. Bc4+ Ka4 62. Nd3 Rd1 63. Ke6 b5 64. Nf2 Rd4 65. Ba2 Bxf4 0-1

[Event "Lleida Province-ch"]
[Site "Tornabous"]
[Date "2014.11.30"]
[Round "9"]
[White "Subarroca Blanch, Francesco"]
[Black "Biosca Lacasa, Jordi"]
[Result "1/2-1/2"]
[WhiteElo "1951"]
[BlackElo "2048"]
[PlyCount "124"]
[EventDate "2014.10.05"]
[EventType "swiss"]
[EventRounds "9"]
[EventCountry "ESP"]
[SourceTitle "EXT 2016"]
[Source "ChessBase"]
[SourceDate "2015.10.08"]
[SourceVersion "1"]
[SourceVersionDate "2015.10.08"]
[SourceQuality "1"]

1. e4 d5 2. exd5 Qxd5 3. Nc3 Qd6 4. d4 c6 5. g3 Nf6 6. Nf3 Bf5 7. Bg2 e6 8. 0-0 Be7 9. Re1 Nbd7 10. a3 Nb6 11. Bf4 Qd8 12. Qe2 0-0 13. h3 Nbd5 14. Nxd5 Nxd5 15. Bc1 Bd6 16. c4 Nf6 17. b4 Rc8 18. Bb2 a5 19. c5 Bc7 20. b5 cxb5 21. Qxb5 Be4 22. Rac1 Bc6 23. Qb3 Bd5 24. Qd3 Qe7 25. Nh4 Rfd8 26. Qe3 Bxg2 27. Kxg2 Nd5 28. Qf3 Qg5 29. Qg4 Qh6 30. Nf3 Nf6 31. Qg5 Qxg5 32. Nxg5 Rd5 33. Nf3 Rb8 34. Ne5 Bxe5 35. Rxe5 Rxe5 36. dxe5 Nd7 37. f4 Kf8 38. Bd4 Rc8 39. Kf3 Ke8 40. Ke4 Kd8 41. Kd3 Kc7 42. Be3 Kc6 43. a4 Rd8 44. Kc4 Nb8 45. Rb1 Kc7 46. Rb2 Rd1 47. Rd2 Ra1 48. Kb3 Nc6 49. Bd4 Rf1 50. Kc4 Rb1 51. Bc3 Rg1 52. Rd3 Rb1 53. Bd2 Rb2 54. Bc3 Rb1 55. Bd2 Nb4 56. Rb3 Rg1 57. Bxb4 axb4 58. Kxb4 Kc6 59. Rd3 Rb1+ 60. Kc4 Rc1+ 61. Kb4 Rb1+ 62. Kc4 Rc1+ 1/2-1/2

[Event "Lleida Province-ch"]
[Site "Tornabous"]
[Date "2014.10.26"]
[Round "4"]
[White "Aribau Rivas, Miguel Angel"]
[Black "Biosca Lacasa, Jordi"]
[Result "0-1"]
[WhiteElo "2150"]
[BlackElo "2048"]
[PlyCount "86"]
[EventDate "2014.10.05"]
[EventType "swiss"]
[EventRounds "9"]
[EventCountry "ESP"]
[SourceTitle "CBM 163 Extra"]
[Source "ChessBase"]
[SourceDate "2014.12.23"]
[SourceVersion "1"]
[SourceVersionDate "2014.12.23"]
[SourceQuality "1"]

1. c4 c6 2. Nf3 Nf6 3. b3 d5 4. Bb2 Bf5 5. g3 e6 6. Bg2 Nbd7 7. 0-0 a5 8. d3 Qb6 9. Nc3 a4 10. Qc2 a3 11. Bc1 d4 12. e4 Bg4 13. Ne2 Bxf3 14. Bxf3 Bb4 15. Bg2 0-0-0 16. h3 e5 17. f4 Qc5 18. Kh1 h5 19. fxe5 Nxe5 20. Bg5 Ned7 21. Rf5 Qd6 22. c5 Bxc5 23. Rc1 Bb6 24. e5 Nxe5 25. Bf4 Rhe8 26. Ng1 g6 27. Rxe5 Rxe5 28. Nf3 Rc5 29. Bxd6 Rxc2 30. Rxc2 Rxd6 31. Ne5 Re6 32. Nc4 Bc5 33. Kg1 Bb4 34. Kf2 Kc7 35. Bf3 b5 36. Nd2 Bxd2 37. Rxd2 Kb6 38. g4 hxg4 39. hxg4 c5 40. Kg3 Nd7 41. Bd5 Re3+ 42. Kf2 f6 43. Be4 Ne5 0-1

[Event "Vallfogona Hostal Nou op"]
[Site "Vallfogona de Balaguer"]
[Date "2014.05.24"]
[Round "5"]
[White "Ferrer Font, Jordi"]
[Black "Biosca Lacasa, Jordi"]
[Result "1/2-1/2"]
[WhiteElo "2057"]
[BlackElo "2019"]
[PlyCount "99"]
[EventDate "2014.04.26"]
[EventType "swiss"]
[EventRounds "8"]
[EventCountry "ESP"]
[SourceTitle "EXT 2015"]
[Source "ChessBase"]
[SourceDate "2014.11.20"]
[SourceVersion "1"]
[SourceVersionDate "2014.11.20"]
[SourceQuality "1"]

1. d4 d5 2. c4 c6 3. Nf3 Bf5 4. Nc3 Nf6 5. Bf4 e6 6. e3 Nbd7 7. Qb3 Qc8 8. Be2 Be7 9. 0-0 0-0 10. Rac1 a5 11. cxd5 exd5 12. Ne5 Re8 13. Bf3 Nxe5 14. Bxe5 Qd7 15. Na4 Ra7 16. Nc5 Qc8 17. Rfe1 Bxc5 18. Rxc5 Nd7 19. Rcc1 Nxe5 20. dxe5 Rxe5 21. Red1 Qd8 22. Qc3 Re8 23. Qd4 Ra8 24. Qf4 Be4 25. Rd4 Bxf3 26. Qxf3 Re6 27. Rf4 Qe7 28. h4 Rd8 29. Rd1 Rdd6 30. Rdd4 Rf6 31. Qg3 Rg6 32. Rg4 Rxg4 33. Rxg4 g6 34. h5 Kg7 35. hxg6 fxg6 36. Rf4 b6 37. Qg4 c5 38. a4 Re6 39. b3 Re5 40. Qg3 Rh5 41. Qf3 d4 42. Re4 Qf7 43. Qxf7+ Kxf7 44. exd4 cxd4 45. Rxd4 Ke6 46. g3 Rd5 47. Rh4 h5 48. b4 Ke5 49. bxa5 Rxa5 50. Rb4 1/2-1/2